5HLuxD.jpg

KING HENRY VIII SENIOR AND PRIMARY SCHOOL LIBRARY OPAC

HOW TO LOOK AFTER YOUR HUMAN (Record no. 4487)

000 -LEADER
fixed length control field 00292nam a22001217a 4500
008 - FIXED-LENGTH DATA ELEMENTS--GENERAL INFORMATION
fixed length control field 250225b ||||| |||| 00| 0 eng d
020 ## - INTERNATIONAL STANDARD BOOK NUMBER
International Standard Book Number KHPL000006010
082 ## - DEWEY DECIMAL CLASSIFICATION NUMBER
Classification number 636.7 MAY
100 ## - MAIN ENTRY--PERSONAL NAME
Personal name MAYHEM,MAGGIE
245 ## - TITLE STATEMENT
Title HOW TO LOOK AFTER YOUR HUMAN
260 ## - PUBLICATION, DISTRIBUTION, ETC.
Place of publication, distribution, etc. 2016
Name of publisher, distributor, etc. QUARTOKNOWS7
942 ## - ADDED ENTRY ELEMENTS (KOHA)
Source of classification or shelving scheme
Holdings
Withdrawn status Lost status Source of classification or shelving scheme Damaged status Not for loan Collection code Permanent Location Current Location Shelving location Date acquired Full call number Barcode Date last seen Price effective from Koha item type Public note
          Non-Fiction KH8 Primary School Library KH8 Primary School Library Non Fiction 2025-02-25 636.7 MAY KHPL000006204 2025-12-05 2025-02-25 Books - Non Ficton KH8 PRIMARY LIBRARY

Powered By KH8 IT Dept